000
00242nam a22001217a 4500
040
_c
SK
082
_a
305
100
_a
MAL SIMMONS
245
_a
Working with the very poor
260
_a
Phnom Penh
_b
MAL
_c
2001
300
_a
114p.
942
_c
EK
999
_c
9661
_d
9661